Socceroos 2010 World Cup Squad - Statistics

General Stats
  • This quiz has been taken 41 times
  • The average score is 14 of 24
Answer Stats
Squad Number Answer % Correct
1 Mark Schwarzer
96%
4 Tim Cahill
96%
10 Harry Kewell
92%
23 Marco Bresciano
88%
2 Lucas Neill
83%
3 Craig Moore
75%
9 Josh Kennedy
75%
14 Brett Holman
67%
8 Luke Wilkshire
67%
15 Mile Jedinak
67%
Coach Pim Verbeek
67%
11 Scott Chipperfield
67%
7 Brett Emerton
63%
20 Mark Milligan
63%
13 Vince Grella
63%
5 Jason Culina
54%
12 Adam Federici
38%
16 Carl Valeri
38%
19 Richard Garcia
33%
21 David Carney
29%
18 Eugene Galekovic
25%
6 Michael Beauchamp
25%
22 Dario Vidosic
21%
17 Nikita Rukavytsya
21%
No matching quizzes found
Score Distribution
Percent of People with Each Score
Percentile by Number Answered
Your Score History
You have not taken this quiz